|
|
|
|
| LEADER |
00000naa2a2200000 4500 |
| 001 |
152912 |
| 005 |
20240110144334.0 |
| 035 |
|
|
|a (RuTPU)RU\TPU\book\165800
|
| 090 |
|
|
|a 152912
|
| 100 |
|
|
|a 20090206d2008 k y0rusy50 ca
|
| 101 |
0 |
|
|a rus
|
| 102 |
|
|
|a RU
|
| 200 |
1 |
|
|a О проблеме загрязнения поверхностей нагрева котельных агрегатов
|f Р. Н. Кулеш, А. Л. Хахалин
|g науч. рук. А. С. Заворин
|
| 320 |
|
|
|a Библиогр.: 6 назв.
|
| 461 |
|
1 |
|0 (RuTPU)RU\TPU\book\156858
|t Современные техника и технологии
|o 14 Международная научно-практическая конференция студентов, аспирантов и молодых ученых, г. Томск, 24-28 марта 2008 г.
|o труды
|o в 3 т.
|f Томский политехнический университет (ТПУ)
|d 2008
|
| 463 |
|
0 |
|0 (RuTPU)RU\TPU\book\155178
|t Т. 3
|v С. 369-372
|d 2008
|p 621 с.
|
| 610 |
1 |
|
|a котельные агрегаты
|
| 610 |
1 |
|
|a поверхности
|
| 610 |
1 |
|
|a загрязнения
|
| 610 |
1 |
|
|a поверхности нагрева
|
| 610 |
1 |
|
|a труды учёных ТПУ
|
| 700 |
|
1 |
|a Кулеш
|b Р. Н.
|c специалист в области теплотехники
|c доцент Томского политехнического университета, кандидат технических наук
|f 1983-
|g Роман Николаевич
|3 (RuTPU)RU\TPU\pers\27725
|9 12799
|
| 701 |
|
1 |
|a Хахалин
|b А. Л.
|
| 702 |
|
1 |
|a Заворин
|b А. С.
|c специалист в области теплотехники
|c профессор Томского политехнического университета, доктор технических наук
|f 1946-
|g Александр Сергеевич
|4 727
|
| 801 |
|
1 |
|a RU
|b 63413507
|c 20090206
|g PSBO
|
| 801 |
|
2 |
|a RU
|b 63413507
|c 20161206
|g RCR
|
| 942 |
|
|
|c BK
|